00505nam a2200145Ia 4500008004100000020001800041041000800059082002100067100002600088245002400114260004000138300000900178999001900187952015300206230411s9999 xx 000 0 und d a0-8127-0297-2 aeng aX/820/VAN/B00189 aVanpelt Nancy9176442 aTo Have And To Hold bReview And HeraldaWashingtonc1980 a208p c151708d151708 001040708XaBTINbBTINd2000-11-20eDonatedg455.00i73412l0oX 820 VAN B00189pBTIN-BK-189r2023-04-11 00:00:00v455.00w2000-11-20yBKzB00189